000 00873nam a2200241 a 4500
999 _c600
_d600
008 190924r20112014ii ||||g |||| 001 0 eng d
020 _a9789327216127
_cRs. 130.00
040 _aKO
_beng
041 0 _aeng
044 _aii
082 0 4 _223
_a515.63
_bP644
100 1 _aPillay, Janardhanan C. P.
245 1 0 _aVector Calculus, Theory of Equations and Numerical Methods :
_bAccording to M.G. University Syllabus for B.Sc. 4th Semester Core course students /
_cC. P. Janardhanan Pillay, V. G. Vijayalakshmy
260 _aNew Delhi :
_bKalyani Publishers,
_c2011, reprint 2014
300 _a307 p. ;
_c21.5 cm.
650 0 _aCalculus, Integral
_vTextbooks
650 0 _aVector Analysis
_xVector Fields
_vTextbooks
650 0 _aGeometry, Differential
_xGeneralized spaces
_vTextbooks
700 1 _aVijayalakshmy, V. G.
_eaut
904 _aS_JOY
942 _cBK